00750nam a2200193Ia 4500003000900000008004100009020001800050040001600068080002300084245018400107260003700291300001700328650001800345650004100363700002800404942000700432999001700439952010000456IN-BaIIA211028s9999 xx 000 0 eng d a0-7923-5342-0 cIIA Library a082.2:52bIAU-H11A 0aHighlights of astronomybvol. 11A, XXIIIrd General Assembly of the IAU held in Kyoto, Japan, August 18-30, 1997cedited by J. Andersen  aDordrechtbKluwer Academicc1998 axxvii, 587p. aAstronomy980 aAstronomy and Astrophysics Thesaurus aAndersen, J. ed.922806 cBK c12987d12987 00104070aBANbBANcGENd1999-05-25l0o082.2:52/ IAU-H11Ap13904r2021-11-05w1999-05-25yBK